El Federalismo en las democracias contemporáneas / Maurice Croisat
Descripción Física:
180 p. ; 22 cm
Materias:
Federalisme
MARC
| LEADER | 00000nam a2200000Ia 4500 | ||
|---|---|---|---|
| 001 | 10808 | ||
| 008 | 160829s1995 xx 000 0 cat d | ||
| 080 | |a M-2-210 | ||
| 100 | |a Croisat, Maurice |9 20495 | ||
| 245 | |a El Federalismo en las democracias contemporáneas / Maurice Croisat | ||
| 260 | |a Barcelona : |b Hacer, |c 1995 | ||
| 300 | |a 180 p. ; |c 22 cm | ||
| 650 | |a Federalisme |9 33466 | ||
| 901 | |a Arxiu | ||
| 942 | |n 1 | ||
| 952 | |0 0 |1 0 |4 0 |6 M2210 |7 1 |9 41561 |a Arxiu |b Arxiu |d 2016-12-01 |l 0 |o M-2-210 |p 10808 |r 2016-12-01 00:00:00 |w 2016-12-01 |y ARXIU | ||
| 999 | |c 43451 |d 43451 | ||